000 00358nam a22001577a 4500
003 SGT
020 _a9788131521267
082 _a005,73
100 _aDROZDEK,ADAM
245 _aDATA STRUCTURES & ALGORITHMS IN C++
250 _a4RH
260 _aNEW DELHI
_bCENGGAGE LERNING
_c2013
300 _a792
650 _aCOMPUTER SCINCE
942 _2ddc
_cBK
_015
999 _c25834
_d25834